উনিশশ একাত্তর / (Record no. 61)
[ view plain ]
| 000 -LEADER | |
|---|---|
| fixed length control field | 00662nam a22002177a 4500 |
| 001 - CONTROL NUMBER | |
| JCCL Control Number | 61 |
| 003 - CONTROL NUMBER IDENTIFIER | |
| JCCL marc code | BD-JhCC |
| 005 - DATE AND TIME OF LATEST TRANSACTION | |
| control field | 20180118131118.0 |
| 008 - FIXED-LENGTH DATA ELEMENTS--GENERAL INFORMATION | |
| fixed length control field | 170926b xxu||||| |||| 00| 0 eng d |
| 035 ## - SYSTEM CONTROL NUMBER | |
| system control number | (BD-JhCC)61 |
| 040 ## - CATALOGING SOURCE | |
| Original cataloging agency | BD-JhCC |
| Modifying agency | BD-JhCC |
| 041 ## - LANGUAGE CODE | |
| Language code of Book | ben |
| 082 ## - DEWEY DECIMAL CLASSIFICATION NUMBER | |
| Classification number | 954.92 |
| Author mark and Year | AKT 1995 |
| 100 ## - MAIN ENTRY--PERSONAL NAME | |
| Personal name | আখতার, শিরীন |
| 245 ## - TITLE STATEMENT | |
| Title | উনিশশ একাত্তর / |
| Statement of responsibility, etc | শিরীন আখতার |
| 260 ## - PUBLICATION, DISTRIBUTION, ETC. (IMPRINT) | |
| Place of publication, distribution, etc | ঢাকা : |
| Name of publisher, distributor, etc | দীপ প্রকাশনী, |
| Date of publication, distribution, etc | ১৯৯৫ |
| 300 ## - PHYSICAL DESCRIPTION | |
| Pagination | ১২৬ পৃ |
| Dimensions | ২২, সেঃমি |
| 651 ## - SUBJECT ADDED ENTRY--GEOGRAPHIC NAME | |
| Geographic name | Bangladesh |
| General subdivision | History of Liberation |
| 942 ## - ADDED ENTRY ELEMENTS (KOHA) | |
| Source of classification or shelving scheme | Dewey Decimal Classification |
| Koha item type | Books |
| Source of classification or shelving scheme | Damaged status | Not for loan | Home library | Current library | Date of accession | Total Checkouts | Full call number | Barcode | Date last seen | Copy number | Koha item type |
|---|---|---|---|---|---|---|---|---|---|---|---|
| Dewey Decimal Classification | JCC Rouf Library | JCC Rouf Library | 09/26/2017 | 954.92 AKT 1995 | 77 | 09/26/2017 | 1 | Books |